| 000 | 00752cam a2200277 4500 | ||
|---|---|---|---|
| 008 | 090401t1989 xxu||||| |||| 00| 0 eng d | ||
| 020 | _a0434914827 | ||
| 035 | _a(Sirsi) u56611 | ||
| 041 | _aeng | ||
| 050 | _a658.404 | ||
| 100 | _aO`Neill, John J. | ||
| 245 | _aManagement of industrial construction projects | ||
| 260 |
_aOxford _bHeinemann Newnes _c1989 |
||
| 300 | _axiv, 271p.; 24cm. | ||
| 350 | _a30 | ||
| 650 |
_aCONSTRUCTION MANAGEMENT _96230 |
||
| 650 | _aCONTRACT ADMINISTRATION | ||
| 650 | _aCOST CONTROL | ||
| 650 | _aProcurement-old | ||
| 650 | _aMANAGEMENT-PROJECT MANAGEMENT | ||
| 650 | _aPROJECT PLANNING | ||
| 650 | _aQUALITY ASSURANCE | ||
| 690 |
_aProject management _96261 |
||
| 942 | _n0 | ||
| 948 | _c04/03/1997 | ||
| 999 |
_c93813 _d93813 |
||